00629nam a2200157 a 450000100100000000500170001000800410002704000250006808200230009324500180011626000980013430000200023250000590025265100790031165100810039000003334220240409073643.0110824s1956 dr r 000 0 spa d aDO-SdBNPbspacBNPHU a330.97293053bC74800aConferencias. aCiudad Trujillo, República Dominicana :bBanco Central de la República Dominicana,c1956. a99 p. ;c24 cm. aPublicaciones del 25 aniversario de La Era de Trujillo 4aRepública DominicanaxPolítica EconómicayERA DE TRUJILLO, 1930-1961 4aRepública DominicanaxCondiciones EconómicasyERA DE TRUJILLO, 1030-1961